000
00321nam a2200133Ia 4500
005
20251222155143.0
008
251222s9999||||xx |||||||||||||| ||spa||
082
_a
MIC.23
100
_a
PUMAROLA A. GARCIA.
245
0
_a
Microbiología y parasitología médica
250
_a
2da. ed.
264
_b
Salvat
942
_c
LIB
999
_c
39262
_d
39262